MARC

LEADER 00000nam0a2200000 4500
001 10403
005 20231030182910.0
010 |a 5763207793 
035 |a (RuTPU)RU\TPU\book\10464 
035 |a BOOK00010529 
090 |a 10403 
100 |a 20011209d1998 m y0rusy50 ca 
101 0 |a rus 
102 |a RU 
105 |a y z 000ab 
200 1 |a Пифагор  |e Роман  |f А. И. Немировский 
210 |a Москва  |c Армада  |d 1998 
215 |a 412 с. 
225 1 |a Великие ученые в романах 
600 0 |a Пифагор Самосский  |c древнегреческий философ  |f 6 в. до н.э.  |c математик  |c основатель пифагореизма  |2 stltpui  |3 (RuTPU)RU\TPU\pers\371 
610 1 |a философия 
610 1 |a древнегреческая философия 
610 1 |a геометрия 
610 1 |a история 
675 |a Р2  |v 3 
700 1 |a Немировский  |b А. И.  |g Александр Иосифович 
801 0 |a RU  |b 63413507  |c 20011209  |g PSBO 
801 2 |a RU  |b 63413507  |c 20050311  |g PSBO 
942 |c BK